000 00499nam a2200145 a 4500
001 000036695
005 20200930075858.0
008 120125s1906 dr 000 0 spa d
040 _aDO-SdBNP
_bspa
_cBNPHU
100 1 _aCastro, Jacinto R. de
_962987
245 1 0 _aTesis para la licenciatura.... /
_cJacinto R. de Castro.
260 _aSanto Domingo :
_bImp. La Cuna de América,
_c1906.
300 _a34 p. ;
_c24 cm.
500 _aPresentado originalmente como tesis para el doctorado letras y ciencias
999 _c36186
_d36186